[Event "BL2 West 1819 (Women)"]
[Site "Germany"]
[Date "2018.10.27"]
[Round "1.2"]
[White "Reppen, Ellisiv"]
[Black "Bork, Sophie"]
[Result "1-0"]
[WhiteElo "2016"]
[BlackElo "1859"]
[PlyCount "67"]
[EventDate "2018.10.27"]
[EventType "team-tourn"]
[EventRounds "7"]
[EventCountry "GER"]
[SourceTitle "CBM 190 Extra"]
[Source "ChessBase"]
[SourceDate "2019.07.15"]
[SourceVersion "1"]
[SourceVersionDate "2019.07.15"]
[SourceQuality "1"]
[WhiteTeam "Hamburger SK (W) II"]
[BlackTeam "Paderborn Blauer Springer (W)"]
[WhiteTeamCountry "GER"]
[BlackTeamCountry "GER"]

1. e4 e5 2. Nf3 Nc6 3. Bc4 Bc5 4. c3 Nf6 5. d3 0-0 6. 0-0 d5 7. exd5 Nxd5 8. b4 Be7 9. a4 Bg4 10. h3 Bh5 11. b5 Na5 12. Ba2 Nf4 13. Bxf4 exf4 14. d4 c6 15. Nbd2 Qc7 16. Ne4 Rfe8 17. Qd3 Rad8 18. Rfe1 Bg6 19. Rad1 cxb5 20. axb5 Bf8 21. Nh4 Bh5 22. Ng5 Rxe1+ 23. Rxe1 g6 24. Nxf7 Rb8 25. Ne5+ Kg7 26. g4 fxg3 27. fxg3 Be7 28. Rf1 Rf8 29. Rxf8 Bxf8 30. g4 Qe7 31. Nhf3 Qf6 32. gxh5 Qf4 33. Kg2 gxh5 34. Bb1 1-0

[Event "BL2 West 1718 (Women)"]
[Site "Germany"]
[Date "2017.12.17"]
[Round "3.2"]
[White "Reppen, Ellisiv"]
[Black "Sherif, Amina"]
[Result "1-0"]
[WhiteElo "2010"]
[BlackElo "1993"]
[PlyCount "83"]
[EventDate "2017.10.14"]
[EventType "team-tourn"]
[EventRounds "7"]
[EventCountry "GER"]
[SourceTitle "EXT 2019"]
[Source "ChessBase"]
[SourceDate "2018.10.10"]
[SourceVersion "1"]
[SourceVersionDate "2018.10.10"]
[SourceQuality "1"]
[WhiteTeam "Hamburger SK (W) II"]
[BlackTeam "Norderstedt Harksheide (W)"]
[WhiteTeamCountry "GER"]
[BlackTeamCountry "GER"]

1. e4 c5 2. Nf3 e6 3. d4 cxd4 4. Nxd4 a6 5. Nc3 Qc7 6. Bd3 Nf6 7. Qe2 Bd6 8. Nf3 Nc6 9. h3 Bb4 10. Bd2 d6 11. a3 Bc5 12. 0-0 0-0 13. Be3 Bxe3 14. Qxe3 b5 15. Qg5 Bb7 16. Rfe1 h6 17. Qh4 Nd7 18. Rad1 Rfd8 19. Re3 Nb6 20. Nh2 Ne5 21. Rg3 Kf8 22. f4 Nec4 23. Qg4 g6 24. Qh4 h5 25. f5 Qe7 26. f6 Qc7 27. Qf4 Ke8 28. Bxc4 Nxc4 29. b3 Nxa3 30. Rgd3 b4 31. Na4 Nb5 32. Nf3 Rac8 33. Qh6 Rb8 34. Qg7 Bxe4 35. Qg8+ Kd7 36. Qxf7+ Kc6 37. Rxd6+ Qxd6 38. Rxd6+ Nxd6 39. Nd4+ Kd5 40. Qa7 Rdc8 41. Nb6+ Ke5 42. Nd7+ 1-0

[Event "BL2 West 1718 (Women)"]
[Site "Germany"]
[Date "2017.10.15"]
[Round "2.1"]
[White "Reppen, Ellisiv"]
[Black "Leveikina, Jevgenija"]
[Result "1/2-1/2"]
[WhiteElo "2010"]
[BlackElo "2099"]
[PlyCount "27"]
[EventDate "2017.10.14"]
[EventType "team-tourn"]
[EventRounds "7"]
[EventCountry "GER"]
[SourceTitle "EXT 2019"]
[Source "ChessBase"]
[SourceDate "2018.10.10"]
[SourceVersion "1"]
[SourceVersionDate "2018.10.10"]
[SourceQuality "1"]
[WhiteTeam "Hamburger SK (W) II"]
[BlackTeam "Wattenscheid (W)"]
[WhiteTeamCountry "GER"]
[BlackTeamCountry "GER"]

1. e4 c6 2. d4 d5 3. Nc3 dxe4 4. Nxe4 Bf5 5. Ng3 Bg6 6. Nf3 e6 7. Bd3 Nf6 8. 0-0 Be7 9. c3 Nbd7 10. Re1 Qc7 11. Bxg6 hxg6 12. Bg5 Bd6 13. c4 0-0 14. Qc2 1/2-1/2

[Event "EU-chT (Women) 20th"]
[Site "Reykjavik"]
[Date "2015.11.19"]
[Round "6.4"]
[White "Krpovic, Natasa"]
[Black "Reppen, Ellisiv"]
[Result "1/2-1/2"]
[WhiteElo "2098"]
[BlackElo "2058"]
[PlyCount "119"]
[EventDate "2015.11.13"]
[EventType "team-swiss"]
[EventRounds "9"]
[EventCountry "ISL"]
[SourceTitle "CBM 169 Extra"]
[Source "ChessBase"]
[SourceDate "2015.12.18"]
[SourceVersion "1"]
[SourceVersionDate "2015.12.18"]
[SourceQuality "1"]
[WhiteTeam "Montenegro (W)"]
[BlackTeam "Norway (W)"]
[WhiteTeamCountry "MNE"]
[BlackTeamCountry "NOR"]

1. e4 e5 2. Bc4 Nf6 3. d3 Bc5 4. Nf3 d6 5. 0-0 Bg4 6. Nbd2 Nc6 7. h3 Bh5 8. c3 a6 9. Bb3 Qd7 10. Re1 g5 11. d4 exd4 12. e5 dxe5 13. Nxe5 Bxd1 14. Nxd7+ Kxd7 15. Rxd1 g4 16. hxg4 Nxg4 17. Nf3 Bd6 18. Nxd4 Nxd4 19. Rxd4 Ne5 20. Bc2 Rag8 21. Bf5+ Ke7 22. Kf1 f6 23. Bf4 Rd8 24. Re1 Kf7 25. Bg3 Nc6 26. Be6+ Kf8 27. Bxd6+ Rxd6 28. Rxd6 cxd6 29. Bd7 Kf7 30. Be6+ Kg7 31. Rd1 Rd8 32. Bd5 Rd7 33. Re1 Ne5 34. Re3 b6 35. Rg3+ Ng6 36. Re3 Kf8 37. Bb3 Kg7 38. Re8 d5 39. Ra8 a5 40. Re8 Rd6 41. Rc8 h5 42. Rc7+ Kh6 43. Bc2 h4 44. Bxg6 Kxg6 45. Rc8 d4 46. cxd4 Rxd4 47. Ke2 Rb4 48. b3 b5 49. Rb8 a4 50. bxa4 Rxa4 51. Rxb5 Rxa2+ 52. Kf3 f5 53. Rb6+ Kg5 54. Rb3 Ra5 55. Rc3 Rb5 56. Ra3 Rc5 57. Rb3 Ra5 58. Rc3 Rb5 59. Ra3 Rc5 60. Rb3 1/2-1/2

[Event "EU-chT (Women) 20th"]
[Site "Reykjavik"]
[Date "2015.11.16"]
[Round "4.11"]
[White "Reppen, Ellisiv"]
[Black "Fataliyeva, Ulviyya Hasil Qizi"]
[Result "0-1"]
[WhiteElo "2058"]
[BlackElo "2294"]
[PlyCount "104"]
[EventDate "2015.11.13"]
[EventType "team-swiss"]
[EventRounds "9"]
[EventCountry "ISL"]
[SourceTitle "CBM 169 Extra"]
[Source "ChessBase"]
[SourceDate "2015.12.18"]
[SourceVersion "1"]
[SourceVersionDate "2015.12.18"]
[SourceQuality "1"]
[WhiteTeam "Norway (W)"]
[BlackTeam "Azerbaijan (W)"]
[WhiteTeamCountry "NOR"]
[BlackTeamCountry "AZE"]

1. e4 e6 2. d4 d5 3. Nc3 Nc6 4. e5 f6 5. Nf3 Qe7 6. Bb5 Bd7 7. 0-0 0-0-0 8. Qe2 Qf7 9. Be3 h6 10. a4 f5 11. Bxc6 Bxc6 12. Nb5 Kb8 13. c4 f4 14. Bd2 dxc4 15. Rfc1 Bd5 16. b3 c6 17. Nc3 Bxf3 18. Qxf3 cxb3 19. Rcb1 Rxd4 20. Be3 Rb4 21. a5 g5 22. Bc1 Qf5 23. Qd1 Kc8 24. Ba3 b2 25. Ra2 Rh7 26. Bxb4 Bxb4 27. Raxb2 Bxa5 28. Qb3 f3 29. Ne4 Qxe5 30. Qxf3 Rd7 31. Ng3 Bb6 32. Re2 Qd5 33. Qf8+ Rd8 34. Qf7 Qd7 35. Qf3 Qd6 36. Rbe1 Rf8 37. Qb3 Qd5 38. Qc2 Ne7 39. Ne4 Kc7 40. Rd1 Qf5 41. Qb2 Nd5 42. Qa3 Rd8 43. Kh1 e5 44. Ng3 Qf6 45. Ne4 Qg6 46. Qg3 Qf5 47. h3 Qf4 48. Qa3 g4 49. Rd3 gxh3 50. Rxh3 Ne3 51. Nc3 Ng4 52. Rf3 Qh2# 0-1

[Event "EU-Cup (Women) 20th"]
[Site "Skopje"]
[Date "2015.10.21"]
[Round "4.2"]
[White "Yakovleva, Tatiana"]
[Black "Reppen, Ellisiv"]
[Result "1/2-1/2"]
[WhiteElo "1966"]
[BlackElo "2050"]
[PlyCount "85"]
[EventDate "2015.10.18"]
[EventType "team-swiss"]
[EventRounds "7"]
[EventCountry "MKD"]
[SourceTitle "CBM 168 Extra"]
[Source "ChessBase"]
[SourceDate "2015.10.29"]
[SourceVersion "1"]
[SourceVersionDate "2015.10.29"]
[SourceQuality "1"]
[WhiteTeam "Herzliya (W)"]
[BlackTeam "Oslo Schakselskap (W)"]
[WhiteTeamCountry "ISR"]
[BlackTeamCountry "NOR"]

1. d4 Nf6 2. c4 g6 3. Nc3 d5 4. e3 Bg7 5. Nf3 0-0 6. b4 a6 7. Bb2 Re8 8. Be2 c6 9. 0-0 Nbd7 10. c5 Qc7 11. Na4 Ne4 12. a3 Rb8 13. Qc2 h6 14. Bd3 Ng5 15. Nxg5 hxg5 16. f4 gxf4 17. exf4 Nf6 18. Rae1 e6 19. Nb6 Rf8 20. Re3 Nd7 21. Nxd7 Qxd7 22. Qf2 Qd8 23. Qg3 Bd7 24. Bc3 b6 25. Bc2 bxc5 26. bxc5 Rb5 27. Ree1 a5 28. Rb1 Rxb1 29. Rxb1 Qc7 30. Qe3 Rb8 31. Rxb8+ Qxb8 32. g3 Qb5 33. Qd3 Bf6 34. Kf2 Bd8 35. a4 Qb7 36. h4 Be8 37. h5 Qe7 38. hxg6 fxg6 39. Qe2 Qf6 40. Qe5 Kf7 41. Qxf6+ Kxf6 42. Bd2 Bc7 43. Kf3 1/2-1/2

[Event "EU-Cup (Women) 20th"]
[Site "Skopje"]
[Date "2015.10.20"]
[Round "3.2"]
[White "Reprun, Nadejda"]
[Black "Reppen, Ellisiv"]
[Result "1-0"]
[WhiteElo "1969"]
[BlackElo "2050"]
[PlyCount "127"]
[EventDate "2015.10.18"]
[EventType "team-swiss"]
[EventRounds "7"]
[EventCountry "MKD"]
[SourceTitle "CBM 168 Extra"]
[Source "ChessBase"]
[SourceDate "2015.10.29"]
[SourceVersion "1"]
[SourceVersionDate "2015.10.29"]
[SourceQuality "1"]
[WhiteTeam "Rishon Le Zion (W)"]
[BlackTeam "Oslo Schakselskap (W)"]
[WhiteTeamCountry "ISR"]
[BlackTeamCountry "NOR"]

1. e4 e5 2. Nf3 Nc6 3. Bb5 a6 4. Ba4 Nf6 5. 0-0 b5 6. Bb3 Be7 7. Re1 d6 8. c3 0-0 9. h3 Na5 10. Bc2 c5 11. d4 Qc7 12. Nbd2 cxd4 13. cxd4 Bd7 14. Nf1 Rac8 15. Ne3 Rfe8 16. b3 Nc6 17. Bb2 Bf8 18. Rc1 Qb8 19. Bb1 g6 20. Nd5 Bg7 21. Nxf6+ Bxf6 22. dxe5 Nxe5 23. Rxc8 Bxc8 24. Nxe5 dxe5 25. Qf3 Bg7 26. Rd1 Be6 27. Qd3 Bf8 28. f4 Bc5+ 29. Kh1 f6 30. fxe5 fxe5 31. Qc3 Bd6 32. Qc6 Bc7 33. Rc1 Re7 34. Qxa6 Qd8 35. Qc6 Qd2 36. Qc2 Qf4 37. Ba3 Rf7 38. Rd1 Bb6 39. Bc1 Qg3 40. Qd3 Rd7 41. Qc2 Rxd1+ 42. Qxd1 Bd4 43. Qf1 g5 44. Bd3 g4 45. Bh6 Bf2 46. Bxb5 Qh4 47. Bc4 Qxh6 48. Bxe6+ Qxe6 49. Qxf2 gxh3 50. Qg3+ Kf8 51. Qxh3 Qa6 52. Qf5+ Kg8 53. Qxe5 Qh6+ 54. Kg1 Qe3+ 55. Kf1 Qc1+ 56. Kf2 Qd2+ 57. Kf3 Qd1+ 58. Kg3 Qe1+ 59. Kg4 Qe2+ 60. Kh3 Qxa2 61. Qg3+ Kf8 62. e5 Qa6 63. Qf4+ Ke8 64. Qa4+ 1-0

[Event "EU-Cup (Women) 20th"]
[Site "Skopje"]
[Date "2015.10.19"]
[Round "2.2"]
[White "Reppen, Ellisiv"]
[Black "Dengler, Dijana"]
[Result "1-0"]
[WhiteElo "2050"]
[BlackElo "2075"]
[PlyCount "83"]
[EventDate "2015.10.18"]
[EventType "team-swiss"]
[EventRounds "7"]
[EventCountry "MKD"]
[SourceTitle "CBM 168 Extra"]
[Source "ChessBase"]
[SourceDate "2015.10.29"]
[SourceVersion "1"]
[SourceVersionDate "2015.10.29"]
[SourceQuality "1"]
[WhiteTeam "Oslo Schakselskap (W)"]
[BlackTeam "Midland Monarchs (W)"]
[WhiteTeamCountry "NOR"]
[BlackTeamCountry "ENG"]

1. e4 e6 2. d4 d5 3. Nc3 Bb4 4. e5 Ne7 5. Nf3 c5 6. Bd2 Nbc6 7. Nb5 Bxd2+ 8. Qxd2 0-0 9. c3 cxd4 10. cxd4 f6 11. exf6 Rxf6 12. Bd3 Nf5 13. Bc2 Qb6 14. Bxf5 exf5 15. Nc3 Be6 16. 0-0 h6 17. Rfe1 Rd8 18. Rac1 f4 19. Na4 Qc7 20. b4 a6 21. Ne5 Qd6 22. Nc5 Bc8 23. a3 Ne7 24. Rc3 Rdf8 25. Qc1 Rf5 26. Nb3 Qf6 27. Rc7 f3 28. Ng4 Qg5 29. Rexe7 Qxg4 30. g3 Rg5 31. Qf1 Qh5 32. Nc5 Bh3 33. Qe1 Bg2 34. h4 Rxg3 35. fxg3 f2+ 36. Kh2 Be4 37. Rxg7+ Kh8 38. Nxe4 f1N+ 39. Kg1 Rf3 40. Rh7+ Kg8 41. Rhg7+ Kh8 42. g4 1-0

[Event "EU-Cup (Women) 20th"]
[Site "Skopje"]
[Date "2015.10.18"]
[Round "1.1"]
[White "Bodnaruk, Anastasia"]
[Black "Reppen, Ellisiv"]
[Result "1-0"]
[WhiteElo "2459"]
[BlackElo "2050"]
[PlyCount "71"]
[EventDate "2015.10.18"]
[EventType "team-swiss"]
[EventRounds "7"]
[EventCountry "MKD"]
[SourceTitle "CBM 168 Extra"]
[Source "ChessBase"]
[SourceDate "2015.10.29"]
[SourceVersion "1"]
[SourceVersionDate "2015.10.29"]
[SourceQuality "1"]
[WhiteTeam "St Petersburg (W)"]
[BlackTeam "Oslo Schakselskap (W)"]
[WhiteTeamCountry "RUS"]
[BlackTeamCountry "NOR"]

1. e4 e5 2. Nf3 Nc6 3. Bb5 a6 4. Ba4 Nf6 5. 0-0 Be7 6. Re1 b5 7. Bb3 d6 8. c3 0-0 9. h3 Na5 10. Bc2 c5 11. d4 Qc7 12. Nbd2 cxd4 13. cxd4 Bd7 14. Nf1 Rac8 15. Ne3 Rfe8 16. b3 Bf8 17. Bb2 Nc6 18. Rc1 Qb8 19. dxe5 dxe5 20. Nd5 Be6 21. Bb1 Red8 22. Rxc6 Rxc6 23. Bxe5 Qc8 24. Bxf6 gxf6 25. Nxf6+ Kh8 26. Nd5 Bxh3 27. Ne5 Bxg2 28. Kxg2 Rc7 29. Qh5 Bd6 30. Nxc7 Rg8+ 31. Kf3 Bxc7 32. Nxf7+ Kg7 33. Rg1+ Kf6 34. e5+ Bxe5 35. Qxe5+ Kxf7 36. Qd5+ 1-0

[Event "Hamburg St Pauli op-A"]
[Site "Hamburg"]
[Date "2015.07.19"]
[Round "2"]
[White "Kebbedies, Frank"]
[Black "Reppen, Ellisiv"]
[Result "0-1"]
[WhiteElo "1833"]
[BlackElo "2006"]
[PlyCount "76"]
[EventDate "2015.07.18"]
[EventType "swiss"]
[EventRounds "9"]
[EventCountry "GER"]
[SourceTitle "EXT 2016"]
[Source "ChessBase"]
[SourceDate "2015.10.08"]
[SourceVersion "1"]
[SourceVersionDate "2015.10.08"]
[SourceQuality "1"]

1. e4 e5 2. Nf3 Nc6 3. d4 exd4 4. c3 dxc3 5. Nxc3 Bb4 6. Bc4 d6 7. 0-0 Nf6 8. Qb3 0-0 9. Nd5 Bc5 10. Bg5 Na5 11. Qc3 Nxe4 12. Qxa5 Nxg5 13. Nd2 c6 14. Qxd8 Rxd8 15. Ne7+ Kf8 16. Nxc8 Raxc8 17. h4 Ne6 18. Rfe1 d5 19. Bd3 g6 20. h5 Nf4 21. Be2 Nxe2+ 22. Rxe2 Re8 23. Rae1 Rxe2 24. Rxe2 Re8 25. Rxe8+ Kxe8 26. hxg6 hxg6 27. Kf1 Ke7 28. Nf3 a6 29. Ne5 Bd4 30. Nd3 c5 31. b3 c4 32. Nb4 Kd6 33. Ke2 Be5 34. Nc2 b5 35. bxc4 bxc4 36. f3 d4 37. Kd2 d3 38. Na1 Bf4+ 0-1

[Event "Hamburg St Pauli op-A"]
[Site "Hamburg"]
[Date "2015.07.18"]
[Round "1"]
[White "Reppen, Ellisiv"]
[Black "Djordjevic, Vuk D"]
[Result "0-1"]
[WhiteElo "2006"]
[BlackElo "2287"]
[PlyCount "138"]
[EventDate "2015.07.18"]
[EventType "swiss"]
[EventRounds "9"]
[EventCountry "GER"]
[SourceTitle "EXT 2016"]
[Source "ChessBase"]
[SourceDate "2015.10.08"]
[SourceVersion "1"]
[SourceVersionDate "2015.10.08"]
[SourceQuality "1"]

1. e4 d5 2. exd5 Qxd5 3. Nc3 Qd6 4. d4 Nf6 5. Nf3 c6 6. h3 Nbd7 7. Bd3 g6 8. 0-0 Bg7 9. Be3 0-0 10. Qd2 Re8 11. Bf4 Qb4 12. a3 Qb6 13. Rfe1 Qd8 14. b4 Nb6 15. Bh6 Be6 16. Rxe6 fxe6 17. Bxg7 Kxg7 18. Ng5 Qd7 19. Re1 Kh8 20. Nxe6 Rg8 21. Qh6 Nc8 22. Bc4 Nd6 23. Nc5 Qf5 24. Bxg8 Nxg8 25. Qe3 Nc4 26. Qe4 Nxa3 27. Qxf5 gxf5 28. Re2 Rd8 29. Nb3 Kg7 30. g4 Kf7 31. gxf5 Nh6 32. f6 exf6 33. Ne4 b6 34. c3 Nc4 35. Nbd2 Nxd2 36. Nxd2 Nf5 37. Nf3 Nd6 38. Ra2 Rd7 39. Kf1 Re7 40. Rc2 Nc4 41. Re2 Rd7 42. Re4 Nd6 43. Re2 Nb5 44. Rc2 Nc7 45. Ke2 Nd5 46. Ng1 Ke6 47. Kf3 a5 48. bxa5 bxa5 49. Ne2 a4 50. Ra2 Ra7 51. Ke4 Kd6 52. Ra3 Re7+ 53. Kd3 Nb6 54. Nf4 Re1 55. c4 c5 56. dxc5+ Kxc5 57. Kd2 Re4 58. Nd3+ Kxc4 59. Rc3+ Kd4 60. Nb2 Re2+ 61. Kxe2 Kxc3 62. Nxa4+ Nxa4 63. Ke3 Nc5 64. Kf4 Kd3 65. Kf5 Nd7 66. Ke6 Ke2 67. Kxd7 f5 68. Ke6 f4 69. Ke5 f3 0-1

[Event "Olympiad Women-41"]
[Site "Tromsoe"]
[Date "2014.08.14"]
[Round "11.2"]
[White "Wafa, Shrook"]
[Black "Reppen, Ellisiv"]
[Result "1-0"]
[WhiteElo "2065"]
[BlackElo "2016"]
[PlyCount "93"]
[EventDate "2014.08.02"]
[EventType "team-swiss"]
[EventRounds "11"]
[EventCountry "NOR"]
[SourceTitle "CBM 162"]
[Source "ChessBase"]
[SourceDate "2014.09.17"]
[SourceVersion "1"]
[SourceVersionDate "2014.09.17"]
[SourceQuality "1"]
[WhiteTeam "Egypt (W)"]
[BlackTeam "Norway (W) II"]
[WhiteTeamCountry "EGY"]
[BlackTeamCountry "NOR"]

1. e4 e5 2. Nf3 Nc6 3. Bb5 a6 4. Ba4 Nf6 5. Qe2 d6 6. c3 b5 7. Bb3 Be7 8. a4 Rb8 9. axb5 axb5 10. 0-0 0-0 11. d4 exd4 12. cxd4 Bg4 13. Rd1 d5 14. e5 Ne4 15. Nc3 Nxc3 16. bxc3 Qd7 17. h3 Bh5 18. Bc2 b4 19. Ba4 bxc3 20. Ba3 Bxa3 21. Rxa3 Rb2 22. Qd3 c2 23. Rc1 Bg6 24. Qd2 Rfb8 25. Bxc2 Bxc2 26. Rxc2 Rb1+ 27. Kh2 R1b7 28. Rc5 Ne7 29. Qg5 h6 30. Qh5 c6 31. Nh4 Rb2 32. Rg3 Kf8 33. f4 Rf2 34. Rf3 Rbb2 35. Ra5 Rxf3 36. Qxf3 Qc7 37. Qa3 Rb8 38. Nf5 Re8 39. Ra7 Qd8 40. Nd6 g6 41. Nxe8 Kxe8 42. Ra8 Nc8 43. Qa6 Kd7 44. Rb8 g5 45. Rb7+ Ke6 46. Qxc6+ Kf5 47. Qc2+ 1-0

[Event "Olympiad Women-41"]
[Site "Tromsoe"]
[Date "2014.08.12"]
[Round "10.1"]
[White "Madrigal, Ana Daniela"]
[Black "Reppen, Ellisiv"]
[Result "1/2-1/2"]
[WhiteElo "1986"]
[BlackElo "2016"]
[PlyCount "103"]
[EventDate "2014.08.02"]
[EventType "team-swiss"]
[EventRounds "11"]
[EventCountry "NOR"]
[SourceTitle "CBM 162"]
[Source "ChessBase"]
[SourceDate "2014.09.17"]
[SourceVersion "1"]
[SourceVersionDate "2014.09.17"]
[SourceQuality "1"]
[WhiteTeam "Nicaragua (W)"]
[BlackTeam "Norway (W) II"]
[WhiteTeamCountry "NCA"]
[BlackTeamCountry "NOR"]

1. d4 Nf6 2. c4 g6 3. Nc3 d5 4. cxd5 Nxd5 5. e4 Nxc3 6. bxc3 Bg7 7. Be3 c5 8. Qd2 Qa5 9. Rc1 cxd4 10. cxd4 Qxd2+ 11. Bxd2 0-0 12. Be3 b6 13. Bd3 Ba6 14. Kd2 Bxd3 15. Kxd3 Na6 16. a3 Rfd8 17. Nf3 Nc5+ 18. Ke2 Nxe4 19. Rc7 e6 20. Rhc1 Nd6 21. a4 Nf5 22. R1c4 h6 23. g4 Nxe3 24. fxe3 a6 25. R4c6 b5 26. axb5 axb5 27. Rb7 Ra2+ 28. Kd3 Rg2 29. Rcc7 Rf8 30. Rxb5 Rxg4 31. Rbb7 Bf6 32. Ra7 Rg2 33. Rcb7 g5 34. Nd2 Rxh2 35. Ne4 Bg7 36. Nc5 Bh8 37. Nd7 Rd8 38. Ke4 Rf2 39. Nc5 g4 40. Kd3 g3 41. Ra1 g2 42. Rg1 Be5 43. Ne4 Bh2 44. Nxf2 Bxg1 45. Nh3 Bh2 46. Rb2 g1Q 47. Nxg1 Bb8 48. Rb5 e5 49. d5 f5 50. e4 f4 51. Nf3 Kg7 52. Rb6 1/2-1/2

[Event "Olympiad Women-41"]
[Site "Tromsoe"]
[Date "2014.08.09"]
[Round "7.1"]
[White "Reppen, Ellisiv"]
[Black "Lim, Hakyung"]
[Result "1/2-1/2"]
[WhiteElo "2016"]
[BlackElo "1567"]
[PlyCount "148"]
[EventDate "2014.08.02"]
[EventType "team-swiss"]
[EventRounds "11"]
[EventCountry "NOR"]
[SourceTitle "CBM 162"]
[Source "ChessBase"]
[SourceDate "2014.09.17"]
[SourceVersion "1"]
[SourceVersionDate "2014.09.17"]
[SourceQuality "1"]
[WhiteTeam "Norway (W) II"]
[BlackTeam "South Korea (W)"]
[WhiteTeamCountry "NOR"]
[BlackTeamCountry "KOR"]

1. e4 c5 2. Nf3 Nc6 3. d4 cxd4 4. Nxd4 g6 5. Nc3 Bg7 6. Be3 Nf6 7. f3 0-0 8. Qd2 d6 9. 0-0-0 a5 10. Kb1 a4 11. a3 Bd7 12. Bc4 Qc7 13. Ba2 Rab8 14. g4 Ne5 15. h4 h5 16. gxh5 Nxh5 17. Bh6 b5 18. Nd5 Qd8 19. Bxg7 Kxg7 20. Rdg1 Rh8 21. f4 e6 22. Nb4 Nc4 23. Bxc4 bxc4 24. Ndc6 Bxc6 25. Nxc6 Qb6 26. Qc3+ Kh7 27. Nxb8 Rxb8 28. f5 e5 29. Rg5 Nf6 30. fxg6+ fxg6 31. Re1 Qf2 32. h5 Nxh5 33. Reg1 Nf4 34. Qxc4 Qa7 35. Rh1+ Kg7 36. Qc6 Qb7 37. Qxb7+ Rxb7 38. Rg3 Ne6 39. Rhg1 g5 40. Ka2 Kf6 41. b4 Rg7 42. Rd3 Rc7 43. c3 Rc6 44. Kb2 Ke7 45. Rf3 Rc4 46. Re3 Kf6 47. Kc2 Nf4 48. Kd2 Kg6 49. b5 Rc7 50. b6 Rb7 51. Rb1 g4 52. c4 Kg5 53. Rc3 Ne6 54. Ke3 Nc5 55. Rb4 Kh4 56. Rc1 g3 57. Rh1+ Kg4 58. Rg1 Rg7 59. Rb2 Rf7 60. Rbg2 Rf3+ 61. Kd2 Nxe4+ 62. Kc2 Rc3+ 63. Kb1 Rb3+ 64. Rb2 Rxb2+ 65. Kxb2 Nc5 66. Rd1 Nb7 67. Kc3 g2 68. Kb4 Kh3 69. Kb5 Kh2 70. Kc6 Na5+ 71. Kb5 Nb7 72. Kc6 Na5+ 73. Kb5 Nb7 74. Kc6 Na5+ 1/2-1/2

[Event "Gibraltar Masters 12th"]
[Site "Caleta"]
[Date "2014.02.02"]
[Round "6"]
[White "Reppen, Ellisiv"]
[Black "Marttala, Thomas"]
[Result "1-0"]
[WhiteElo "1995"]
[BlackElo "2200"]
[PlyCount "67"]
[EventDate "2014.01.28"]
[EventType "swiss"]
[EventRounds "10"]
[EventCountry "GGB"]
[SourceTitle "CBM 159"]
[Source "ChessBase"]
[SourceDate "2014.03.17"]
[SourceVersion "1"]
[SourceVersionDate "2014.03.17"]
[SourceQuality "1"]

1. e4 e5 2. Nf3 Nc6 3. Bb5 a6 4. Ba4 d6 5. c3 Nf6 6. d3 g6 7. 0-0 Bg7 8. Nbd2 0-0 9. Re1 Nh5 10. Nf1 Nf4 11. d4 b5 12. Bb3 Na5 13. Bc2 Nc6 14. a4 Rb8 15. axb5 axb5 16. Be3 g5 17. d5 Ne7 18. Ng3 Neg6 19. Nf5 Bf6 20. g3 g4 21. Nd2 h5 22. gxf4 exf4 23. Bd4 Be5 24. f3 Qg5 25. Kh1 g3 26. Qe2 Bxd4 27. cxd4 Bxf5 28. exf5 Nh4 29. hxg3 fxg3 30. Qe3 Qf6 31. Qe7 g2+ 32. Kh2 Kg7 33. Qxf6+ Kxf6 34. Kh3 1-0

[Event "Gibraltar Challengers-A 12th"]
[Site "Caleta"]
[Date "2014.01.31"]
[Round "5"]
[White "Kandic, Milan"]
[Black "Reppen, Ellisiv"]
[Result "1-0"]
[WhiteElo "2080"]
[BlackElo "1995"]
[PlyCount "118"]
[EventDate "2014.01.27"]
[EventType "swiss"]
[EventRounds "5"]
[EventCountry "GGB"]
[SourceTitle "CBM 158 Extra"]
[Source "ChessBase"]
[SourceDate "2014.02.28"]
[SourceVersion "1"]
[SourceVersionDate "2014.02.28"]
[SourceQuality "1"]

1. e4 e5 2. d4 exd4 3. Nf3 Nc6 4. Bc4 Nf6 5. e5 d5 6. exf6 dxc4 7. 0-0 Qxf6 8. Bg5 Qg6 9. Re1+ Be6 10. c3 dxc3 11. Nxc3 Bb4 12. Nd5 0-0 13. Nxb4 Nxb4 14. Be7 Nc2 15. Ne5 Qf5 16. g4 Qf4 17. Qxc2 Rfe8 18. Bh4 Bd5 19. Qc1 Qd4 20. Qc3 Qxc3 21. bxc3 f6 22. Nd7 Bc6 23. Nc5 a5 24. Bg3 Rxe1+ 25. Rxe1 b6 26. Ne6 Re8 27. Re3 Bd7 28. Nxc7 Rxe3 29. fxe3 Bxg4 30. Nb5 a4 31. Na3 Be6 32. Bc7 g5 33. Bxb6 Kf7 34. Bd4 f5 35. Kf2 h5 36. Nb5 Bd5 37. Bc5 h4 38. Nd4 Kf6 39. Bd6 Be4 40. a3 Kf7 41. Bc7 Ke7 42. Ne2 Kd7 43. Bb8 Ke6 44. Ng1 g4 45. Bc7 Kd7 46. Bf4 Ke6 47. Bg5 h3 48. Bf4 Kf6 49. Ne2 Ke6 50. Kg3 Kf6 51. Bc7 Kg6 52. Kf4 Bd3 53. Ng3 Kf6 54. e4 fxe4 55. Nxe4+ Kg6 56. Nf2 g3 57. Kxg3 Kf5 58. Kxh3 Be2 59. Kg3 Ke6 1-0

[Event "Gibraltar Masters 12th"]
[Site "Caleta"]
[Date "2014.01.31"]
[Round "4"]
[White "Reppen, Ellisiv"]
[Black "Movsesian, Julia"]
[Result "0-1"]
[WhiteElo "1995"]
[BlackElo "2352"]
[PlyCount "66"]
[EventDate "2014.01.28"]
[EventType "swiss"]
[EventRounds "10"]
[EventCountry "GGB"]
[SourceTitle "CBM 159"]
[Source "ChessBase"]
[SourceDate "2014.03.17"]
[SourceVersion "1"]
[SourceVersionDate "2014.03.17"]
[SourceQuality "1"]

1. e4 c5 2. d4 cxd4 3. Nf3 e6 4. Nxd4 a6 5. Nc3 b5 6. a3 Bb7 7. Bd3 Qb6 8. Nb3 Qc7 9. 0-0 Nf6 10. Be3 d6 11. Qe2 Be7 12. f4 Nbd7 13. Nd2 0-0 14. g4 Nc5 15. g5 Nfd7 16. Qh5 f5 17. Be2 d5 18. Rf3 g6 19. Qh4 Nxe4 20. Ndxe4 dxe4 21. Rh3 Rf7 22. Rd1 Bc5 23. Qf2 Bxe3 24. Rxe3 e5 25. fxe5 Qxe5 26. a4 f4 27. Rh3 Qxg5+ 28. Kf1 f3 29. Bxf3 exf3 30. Rg3 Qc5 31. Qd2 b4 32. Nb1 Re8 33. Rg5 Qc4+ 0-1

[Event "Gibraltar Challengers-A 12th"]
[Site "Caleta"]
[Date "2014.01.28"]
[Round "2"]
[White "Reppen, Ellisiv"]
[Black "Haddock, Paul"]
[Result "1-0"]
[WhiteElo "1995"]
[BlackElo "1649"]
[PlyCount "37"]
[EventDate "2014.01.27"]
[EventType "swiss"]
[EventRounds "5"]
[EventCountry "GGB"]
[SourceTitle "CBM 158 Extra"]
[Source "ChessBase"]
[SourceDate "2014.02.28"]
[SourceVersion "1"]
[SourceVersionDate "2014.02.28"]
[SourceQuality "1"]

1. e4 c5 2. Nf3 d6 3. d4 cxd4 4. Nxd4 Nf6 5. Nc3 g6 6. Be3 Bg7 7. f3 Nc6 8. Qd2 0-0 9. g4 Bd7 10. 0-0-0 Rc8 11. h4 h5 12. gxh5 Nxh5 13. Rg1 Nxd4 14. Bxd4 Bxd4 15. Qxd4 Qa5 16. Rg5 Qc7 17. Bd3 Be6 18. Rxh5 Qb6 19. Rh8# 1-0